Top 20 des joueurs les plus chèrs de la Premier League - Statistiques

Statistiques générales
  • Ce quiz a été pris 179 fois
  • Le résultat moyen est 12 sur 20
Statistiques - réponses
Numéro Joueur Club Poste Valeur % Correct
Numéro 1 Erling Haaland Manchester City BU 200,00 Mio €
97%
Numéro 3 Bukayo Saka Arsenal AD 140,00 Mio €
93%
Numéro 2 Phil Foden Manchester City AD 150,00 Mio €
90%
Numéro 4 Rodri Manchester City MDC 130,00 Mio €
88%
Numéro 10 William Saliba Arsenal DC 80,00 Mio €
81%
Numéro 7 Cole Palmer Chelsea MOC 90,00 Mio €
80%
Numéro 5 Declan Rice Arsenal MDC 120,00 Mio €
79%
Numéro 6 Martin Odegaard Arsenal MOC 110,00 Mio €
79%
Numéro 9 Luis Diaz Liverpool AG 80,00 Mio €
76%
Numéro 11 Ruben Dias Manchester City DC 80,00 Mio €
72%
Numéro 20 Trent Alexander Arnold Liverpool DLD 70,00 Mio €
62%
Numéro 16 Alexander Isak Newcastle BU 75,00 Mio €
61%
Numéro 13 Kai Havertz Arsenal BU 75,00 Mio €
60%
Numéro 14 Enzo Fernandez Chelsea MC 75,00 Mio €
58%
Numéro 15 Alexis Mac Allister Liverpool MC 75,00 Mio €
46%
Numéro 18 Moisés Caicedo Chelsea MDC 75,00 Mio €
46%
Numéro 8 Bruno Guimares Newcastle MDC 85,00 Mio €
38%
Numéro 17 Josko Gvardiol Manchester City AG 75,00 Mio €
18%
Numéro 12 Gabriel Magalhaes Arsenal Dc 75,00 Mio €
14%
Numéro 19 Dominik Szoboszlai Liverpool DC 75,00 Mio €
12%
Aucun quiz correspondant
Distribution des résultats
% des personnes avec chaque résultat
Percentile par nombre de réponses
Votre historique - résultats
Vous n’avez pas pris ce quiz